书目信息 |
| 题名: |
物换星移
|
|
| 作者: | 朱宇清 著 | |
| 分册: | ||
| 出版信息: | 北京 作家出版社有限公司 2024.12 |
|
| 页数: | 377页 | |
| 开本: | 23cm | |
| 丛书名: | ||
| 单 册: | ||
| 中图分类: | I247.59 | |
| 科图分类: | ||
| 主题词: | 长篇小说--中国--当代 | |
| 电子资源: | ||
| ISBN: | 978-7-5212-3185-4 | |
| 000 | 01228nam0 2200241 450 | |
| 001 | 01095331 | |
| 005 | 20251022131048.45 | |
| 010 | @a978-7-5212-3185-4@dCNY56.00 | |
| 100 | @a20240925d2024 em y0chiy0120 ea | |
| 101 | 0 | @achi |
| 102 | @aCN@b110000 | |
| 105 | @ay z 000ay | |
| 106 | @ar | |
| 200 | 1 | @a物换星移@9wu huan xing yi@f朱宇清著 |
| 210 | @a北京@c作家出版社有限公司@d2024.12 | |
| 215 | @a377页@d23cm | |
| 314 | @a朱宇清,男,出生于安徽安庆太湖。资深媒体人,历任于《北京青年报》等知名媒体,担任多家中央级媒体顾问。致力于信息化与互联网领域传播实践。曾承担多部著作的主编、编审、编译工作。 | |
| 330 | @a长篇小说。从地球逃逸至数亿光年之外,两名战士在广域时空杀伤性武器“高维碾压”打击下意外存活。星际七大政治组织和星际超级科学、文化、宗教、暗黑组织闻风出击、各怀心思。肩负最高密令的调查组沦为孤军,庞大的星际文明深不见渊,各星球文明天壤之别,傀儡、霸主身份莫测。当智慧堪破“自然之力”的幽深奥妙,超级文明的高维竞争超乎想象。一个个星际文明战争计划偷天换日,谁将成为文明主宰,谁又将面临残酷的物种消亡?问芸芸世间,物换星移几度;莫测宇宙,一切不可言说。 | |
| 606 | 0 | @a长篇小说@y中国@z当代 |
| 690 | @aI247.59@v5 | |
| 701 | 0 | @a朱宇清@9zhu yu qing@4著 |
| 801 | 0 | @aCN@c20250911 |
| 905 | @a河南城建学院图书馆@dI247.59@eZ895@ZZ895@f1 | |
| 物换星移/朱宇清著.-北京:作家出版社有限公司,2024.12 |
| 377页;23cm |
| ISBN 978-7-5212-3185-4:CNY56.00 |
| 长篇小说。从地球逃逸至数亿光年之外,两名战士在广域时空杀伤性武器“高维碾压”打击下意外存活。星际七大政治组织和星际超级科学、文化、宗教、暗黑组织闻风出击、各怀心思。肩负最高密令的调查组沦为孤军,庞大的星际文明深不见渊,各星球文明天壤之别,傀儡、霸主身份莫测。当智慧堪破“自然之力”的幽深奥妙,超级文明的高维竞争超乎想象。一个个星际文明战争计划偷天换日,谁将成为文明主宰,谁又将面临残酷的物种消亡?问芸芸世间,物换星移几度;莫测宇宙,一切不可言说。 |
| ● |
| 相关链接 |
|
|
|
正题名:物换星移
索取号:I247.59/Z895
 
预约/预借
| 序号 | 登录号 | 条形码 | 馆藏地/架位号 | 状态 | 备注 |
| 1 | 1635434 | 216354344 | 文学库108/108文学库 57排8列3层/ [索取号:I247.59/Z895] | 在馆 |